|
|
|
|
| LEADER |
00000nam2a2200000 4500 |
| 001 |
326466 |
| 005 |
20231102003850.0 |
| 010 |
|
|
|a 9785534001150
|
| 035 |
|
|
|a (RuTPU)RU\TPU\book\352114
|
| 090 |
|
|
|a 326466
|
| 100 |
|
|
|a 20161228d2019 m y0rusy50 ca
|
| 101 |
0 |
|
|a rus
|
| 102 |
|
|
|a RU
|
| 105 |
|
|
|a a j 000zy
|
| 200 |
0 |
|
|a Ч. 1
|
| 210 |
|
|
|d 2019
|
| 215 |
|
|
|a 263 с.
|c ил.
|
| 330 |
|
|
|a Издание представлено в двух частях. В первой части учебника изложены общие вопросы, связанные с физическими основами резания материалов, рассмотрены современные инструментальные материалы и режущие инструменты, смазочно-охлаждающие технологические средства. Вторая часть учебника посвящена основам затачивания и доводки инструментов, способам крепления режущего инструмента на станках. Также примеры решения задач приведены в приложении.
|
| 461 |
|
1 |
|0 (RuTPU)RU\TPU\book\319761
|y 978-5-9916-5960-4
|t Резание материалов. Режущий инструмент
|o учебник для академического бакалавриата
|o в 2 ч.
|f под ред. Н. А. Чемборисова
|v Ч. 1
|d 2019
|s Бакалавр. Академический курс
|
| 606 |
1 |
|
|a Резание материалов
|2 stltpush
|3 (RuTPU)RU\TPU\subj\24497
|9 48835
|
| 610 |
1 |
|
|a физические основы
|
| 610 |
1 |
|
|a инструментальные материалы
|
| 610 |
1 |
|
|a режущие инструменты
|
| 610 |
1 |
|
|a стружкообразование
|
| 610 |
1 |
|
|a обработанные поверхности
|
| 610 |
1 |
|
|a качество
|
| 610 |
1 |
|
|a тепловые явления
|
| 610 |
1 |
|
|a трение
|
| 610 |
1 |
|
|a изнашивание
|
| 610 |
1 |
|
|a обрабатываемость
|
| 610 |
1 |
|
|a математические модели
|
| 610 |
1 |
|
|a строгание
|
| 610 |
1 |
|
|a долбление
|
| 610 |
1 |
|
|a сверление
|
| 610 |
1 |
|
|a зенкерование
|
| 610 |
1 |
|
|a развертывание
|
| 610 |
1 |
|
|a фрезерование
|
| 610 |
1 |
|
|a протягивание
|
| 610 |
1 |
|
|a резьбонарезание
|
| 610 |
1 |
|
|a зубообработка
|
| 610 |
1 |
|
|a абразивная обработка
|
| 610 |
1 |
|
|a учебники
|
| 675 |
|
|
|a 621.91(075.8)
|v 4
|
| 801 |
|
1 |
|a RU
|b 63413507
|c 20161228
|
| 801 |
|
2 |
|a RU
|b 63413507
|c 20190627
|g RCR
|
| 942 |
|
|
|c BK
|
| 959 |
|
|
|a 4/20170125
|d 1
|e 649,00
|f ЧЗТЛ:1
|